00870cam a22002537a 4500003000500000005001700005008004100022010001000063011001000073020001500083035001000098040000900108100001700117245017700134260007700311300001000388410004500398490002600443650002600469650002900495700002100524810004500545830002600590CHAP20220817043745.0010220d2000 lk a r 00110 eng d a83574 a84546 a9290904127 a95067 cCHAP00aKite, Geoff.10aComparing estimates of actual evapotranspiration from satellites, hydrological models, and field data :ba case study from western Turkeyc/by Geoff Kite and Peter Droogers aColombo, Sri Lanka :bInternational Water Management Institute,cc.2000. a32 p. aInternational Water Management Institute 0aResearch reportv; 4214aEvapotranspiración.14aIrrigaciónxTurquía.0 aDroogers, Peter.00aInternational Water Management Institute0 aResearch reportv; 42